000
00283nam a22001097a 4500
008
160507b xxu||||| |||| 00| 0 eng d
020
_a
0838581072
041
_a
eng
080
_a
615
245
_a
Pharmacotherapy: a patient focused approach:
_c
Terry L. Schwinghammer;
942
_2
udc
_c
BK
999
_c
1895
_d
1895